Mathematical essays : in honor of Su Buchin

Сохранить в:
Библиографические подробности
Формат:
Опубликовано: World Scientific 1983
Метки: Добавить метку
Нет меток, Требуется 1-ая метка записи!
Thư viện lưu trữ: Mạng thư viện Đại học Đà Nẵng
LEADER 00534nam a2200217 a 4500
001 000030166
003 25678
005 20171030145630.0
008 171030s1983
040 |a LTT 
082 0 |a 510510  |b MA-E 
245 0 0 |a Mathematical essays : in honor of Su Buchin  |c edited by C.C. Hsiung. 
260 |b World Scientific  |c 1983 
500 |a VSVN 
OWN |a LTT 
999 |a From the UDN01 
TYP |a Monograph 
TYP |a Printed language 
980 |a Mạng thư viện Đại học Đà Nẵng